000 01741cam a2200325Ia 4500
001 rookieofyear00stra
003 CaSfIA
005 20210119075644.0
007 cr||||
008 930903s1993 nyu j 000 1 eng d
040 _aHQB
_cHQB
_dOCL
_dMUS
_dOCLCQ
_dTBS
_dBTCTA
_dBAKER
_dCaSfIA
020 _a0440409101 (pbk.) :
_c$3.99
020 _a9780440409106 (pbk.)
035 _a(OCoLC)28742498
050 4 _aPZ7.S899
_bRoo 1993
100 1 _aStrasser, Todd.
245 1 0 _aRookie of the year /
_h[electronic resource]
_cby Todd Strasser.
260 _aNew York :
_bTrump Club,
_c1993.
300 _a84 p., [8] p. of plates :
_bill. ;
_c17 cm.
500 _aBased upon the screenplay by Sam Harper.
520 _aThe Chicago Cubs are having their usual tough season, and so is their biggest fan, 12-year-old Henry Rowengartner. Henry dreams of playing for the Cubs one day, but can't even cut it as equipment manager for his school team. Then he accidentally breaks his arm. When the cast is removed, Henry's got a l00 m.p.h pitch and a Chicago Cubs uniform!
650 0 _aBaseball
_vJuvenile fiction.
700 1 _aHarper, Sam.
710 2 _aChicago Cubs (Baseball team)
856 4 1 _uhttp://www.archive.org/details/rookieofyear00stra
_zFree eBook from the Internet Archive
856 4 2 _uhttp://www.openlibrary.org/books/OL7521205M
_zAdditional information and access via Open Library
942 _cEB
506 _fНеобхідна авторизація на https://archive.org/ (створення облікового запису безкоштовно)
506 _fНеобхідна авторизація на https://openlibrary.org/ (створення облікового запису безкоштовно)
999 _c544663
_d544663